| 000 | 01195nam a2200217Ia 4500 | ||
|---|---|---|---|
| 999 |
_c34873 _d34873 |
||
| 001 | 692 | ||
| 003 | GE_BSU | ||
| 005 | 20251118195939.0 | ||
| 008 | 181216s1987||||ge |||||||||||||| ||geo|| | ||
| 040 | _cGE_BSU | ||
| 041 | _ageo | ||
| 080 | _a796(075.8) მ–16 | ||
| 100 |
_aმაისურაძე, მ. _921041 |
||
| 245 |
_aფიზიკური კულტურის ინსტიტუტის სტუდენტთა პედაგოგიური პრაქტიკა ზოგადსაგანმანათლებლო სკოლაში : _b: [სახელმძღვ. ფიზ. კულტურის ინ-ტის სტუდ.] / _cმიხეილ მაისურაძე. |
||
| 264 |
_aთბილისი : _bგანათლება, _c1987. |
||
| 300 |
_a101 გვ. ; _b20 სმ. |
||
| 653 | _aსაქართველოს ფიზიკური კულტურის ინსტიტუტი | ||
| 653 | _aსტუდენტთა პედაგოგიური პრაქტიკა | ||
| 653 | _aმოსწავლეთა ფიზიკური აღზრდა | ||
| 942 |
_cBK _2udc |
||